000 00881cim a2200229 4500
005 20140923122102.0
007 sd uuuuuudmuud
008 140710t2012 xx nnnnfs|||| 0s| c eng d
024 _a9781111398644
024 _a111139864X
040 _aEG-ScBUE
082 0 4 _222
_a428.0071
_bCHA
100 1 _935966
_aChase, Becky Tarver
245 1 0 _aPathways 3
_h[sound recording] :
_blistening, speaking, and critical thinking : audio CDs /
_cBecky Tarver Chase, Kristin L. Johannsen.
260 _a[S. l.] :
_bHeinle Cengage Learning,
_cc.2012.
300 _a3 sound discs ;
_c4 3/4 in.
650 0 _aEnglish language
_xStudy and teaching
_xForeign speakers
_vAudio-visual aids
_936054
650 0 _936053
_aEnglish language
_vTextbooks for foreign speakers
_vAudio-visual aids
653 _bEEENG
_cJuly2014
700 1 _935967
_aJohannsen, Kristin L.
942 _2ddc
_cCDR
_k428.0071 CHA
999 _c18352
_d18324